Joaquin Phoenix Filmography - Statistics

General Stats
  • This quiz has been taken 340 times
    68 since last reset
  • The average score is 20 of 69
Answer Stats
Type Year Name % Correct
Film 2019 Joker
98%
Film 2000 Gladiator
80%
Film 2024 Joker: Folie à Deux
80%
Film 2013 Her
73%
Film 2005 Walk the Line
66%
Film 2012 The Master
61%
Film 2002 Signs
59%
Film 2023 Beau Is Afraid
56%
Film 2014 Inherent Vice
49%
Film 2023 Napoleon
49%
Film 2021 C'mon C'mon
46%
Film 2025 Eddington
46%
Film 2010 I'm Still Here
46%
Film 1995 To Die For
44%
Film 2017 You Were Never Really Here
39%
Film 2004 Hotel Rwanda
37%
Film 1989 Parenthood
37%
Film 2004 The Village
37%
Film 2003 Brother Bear
32%
Film 2015 Irrational Man
32%
Film 2018 Mary Magdalene
32%
Film 2018 The Sisters Brothers
32%
Film 2000 The Yards
32%
Film 2001 Buffalo Soldiers
29%
Film 2018 Don't Worry, He Won't Get Far on Foot
29%
Film 2000 Quills
29%
Film 2008 Two Lovers
29%
Film 2007 We Own the Night
29%
Film 1999 8mm
27%
Film 2004 Ladder 49
24%
Film 2013 The Immigrant
24%
Film 1997 U Turn
24%
Documentary 2018 Dominion
22%
Documentary 2005 Earthlings
22%
Film 1998 Clay Pigeons
20%
Film 1997 Inventing the Abbotts
20%
Film TBA Polaris
20%
Film 2007 Reservation Road
20%
Film 1998 Return to Paradise
20%
Documentary 2015 Unity
20%
Film 1986 SpaceCamp
17%
TV Show 1989 Superboy
17%
Short Film 1991 Walking the Dog
17%
TV Show 1984 ABC Afterschool Special
15%
TV Show 1986 Alfred Hitchcock Presents
15%
TV Pilot 1985 Anything for Love
15%
Short Film 2020 Guardians of Life
15%
TV Show 1984 Hill Street Blues
15%
Film 2003 It's All About Love
15%
TV Film 1985 Kids Don't Tell
15%
Short Film 2018 Lou
15%
TV Show 1986 Morningstar/Eveningstar
15%
TV Show 1983 Mr. Smith
15%
TV Show 1984 Murder, She Wrote
15%
Film 1987 Russkies
15%
TV Film 1988 Secret Witness
15%
TV Show 1982 Seven Brides for Seven Brothers
15%
TV Show 1984 The Fall Guy
15%
Film TBA The Island
15%
TV Show 1989 The New Leave It to Beaver
15%
Director 2008 Little Lover's So Polite
12%
Short Documentary 2024 'Responsible' Down
12%
TV Film 1983 Six Pack
12%
Director 2005 Tired of Being Sorry
12%
Commercial 1998, 2005 PETA
10%
TV Show 2014 Diao Si Nan Shi
7%
Short Documentary 2014 Walmart Cruelty: An Undercover Investigation by Mercy for Animals
7%
Short Film 2013 Back Beyond
5%
Documentary 2017 Be More Dominion
5%
No matching quizzes found
Score Distribution
Percent of People with Each Score
Percentile by Number Answered
Your Score History
You have not taken this quiz since the last reset